La inteligencia de las flores /

Guardado en:
Autor Principal: Maeterlinck, Mauricio
Formato: Libro
Publicado: Buenos Aires : Antonio Galletti, 19
Series:El Folletin ; 3
Materias:
Etiquetas: Agregar Etiqueta
Sin Etiquetas, Sea el primero en etiquetar este registro!
LEADER 00546nam a22001815a 4500
001 EHU.bham024754
003 AR-BHAM
005 20130507155727.0
008 130507b######################000#0#####d
082 8 4 |a 848.9 
100 1 |a Maeterlinck, Mauricio 
245 1 0 |a La inteligencia de las flores /  |c Mauricio Maeterlinck 
260 |a Buenos Aires :  |b Antonio Galletti, 19 
300 |a 63 p. 
490 0 |a El Folletin ; 3 
653 |a Donacion lejarraga 
653 |a Literatura francesa 
859 |a AR-BHAM  |b BIB. HUMANIDADES - General  |h 848.9  |i M269-2  |p 453.02  |t Ej.1